[Event "España tch - Primera División Grupo 1"]
[Site "Burguillos ESP"]
[Date "2008.08.17"]
[Round "6.64"]
[White "Defez Gomez, Juan Francisco"]
[Black "Marrero Falcon, Hector"]
[Result "1-0"]
[PlyCount "97"]
[EventDate "2008.08.13"]
[EventType "team"]
[EventCountry "ESP"]
[Source "lmi"]
[SourceDate "2008.08.13"]
[WhiteElo "2196"]
[BlackElo "2044"]

1. e4 c5 2. Nc3 e6 3. g3 Nc6 4. Bg2 Nf6 5. d3 a6 6. Nh3 d5 7. exd5 Nxd5 8. Nxd5
exd5 9. O-O Be7 10. Qh5 O-O 11. Bg5 f6 12. Bd2 Be6 13. Nf4 Bf7 14. Bxd5 Qxd5
15. Qxd5 Bxd5 16. Nxd5 Bd6 17. f4 Rfe8 18. Ne3 Nd4 19. Kf2 Rad8 20. Rad1 Bb8
21. Rfe1 Rd7 22. Bc3 Ba7 23. Bxd4 Rxd4 24. Nf5 Rxe1 25. Rxe1 Rd7 26. Re7 Rxe7
27. Nxe7+ Kf7 28. Nf5 Bb8 29. c3 g6 30. Ne3 f5 31. Kf3 Ke6 32. h3 Bc7 33. g4 h6
34. gxf5+ gxf5 35. d4 cxd4 36. cxd4 Bd6 37. Nc4 Bf8 38. Ne3 b5 39. d5+ Kf6 40.
Nc2 Bc5 41. Ke2 Bb6 42. Nb4 a5 43. Nc6 Bc7 44. Ke3 Bb6+ 45. Kf3 b4 46. b3 Bc7
47. Nd4 Ke7 48. Nxf5+ Kf6 49. Nxh6 1-0